A Textbook On Agronomic Management Practices For Field Crop Producation/ (Record no. 206520)
[ view plain ]
| 000 -LEADER | |
|---|---|
| fixed length control field | 00595nam a22001937a 4500 |
| 005 - DATE AND TIME OF LATEST TRANSACTION | |
| control field | 20241108122330.0 |
| 010 ## - LCCN (DPL NO) | |
| LC control number | ENG-142216 |
| 020 ## - INTERNATIONAL STANDARD BOOK NUMBER | |
| International Standard Book Number | 9381236100 |
| Terms of availability | 125.00 |
| 035 ## - SYSTEM CONTROL NUMBER | |
| System control number | EN-125748 |
| 037 ## - SOURCE OF ACQUISITION | |
| Source of stock number/acquisition | DBAD/PUB |
| 082 ## - DEWEY DECIMAL CLASSIFICATION NUMBER | |
| Classification number | 635 |
| 100 ## - MAIN ENTRY--PERSONAL NAME | |
| Personal name | Krishnaprabu, S |
| 245 ## - TITLE STATEMENT | |
| Title | A Textbook On Agronomic Management Practices For Field Crop Producation/ |
| Statement of responsibility, etc | S. Krishanprabhu |
| 250 ## - EDITION STATEMENT | |
| Edition statement | First |
| 260 ## - PUBLICATION, DISTRIBUTION, ETC. (IMPRINT) | |
| Place of publication, distribution, etc | Chennai |
| Name of publisher, distributor, etc | Sri Velan Pathippagam |
| Date of publication, distribution, etc | 2012 |
| 270 ## - ADDRESS | |
| Address | 5, S.P. Koil Street |
| City | Chidambaram |
| Postal code | 608001 |
| 300 ## - PHYSICAL DESCRIPTION | |
| Extent | 295p. |
| Other physical details | 21cm(pb) |
| 942 ## - ADDED ENTRY ELEMENTS (KOHA) | |
| Source of classification or shelving scheme | Dewey Decimal Classification |
| Item type | English Books |
| Classification part | 635 |
| Call number suffix | KRI |
| Edition | First |
| Withdrawn status | Lost status | Not for loan | Collection code | Home library | Current library | Date acquired | Source of acquisition | Cost, normal purchase price | Full call number | Barcode | Copy number | Cost, replacement price | Koha item type |
|---|---|---|---|---|---|---|---|---|---|---|---|---|---|
| Non-fiction | Bawana | Bawana | 21/10/2024 | DBAD | 125.00 | 635 KRI | EN-125748 | 1 | 125.00 | English Books |
